[Event "DVM U16 2021"]
[Site "Kiel GER"]
[Date "2022.07.24"]
[Round "4"]
[White "Schreidl, Michael"]
[Black "Hecht, Jonas Christian"]
[Result "1/2-1/2"]
[Termination "normal"]
[Board "7.1"]
[WhiteElo "1616"]
[BlackElo "1889"]
[WhiteClock "00:39:18"]
[BlackClock "00:49:29"]
[WhiteTeam "SK Frankenthal"]
[BlackTeam "SC Brombach e.V."]
[PlyCount "45"]
[WhiteFideId "16265750"]
[BlackFideId "16214846"]
[EventCountry "GER"]
[EventRounds "7"]
[EventType "team-swiss"]
[EventDate "2022.07.22"]

1. e4 {[%clk 01:30:59]} {[%emt 00:00:01]} c5 {[%clk 01:30:50]} {[%emt
00:00:11]} 2. Nf3 {[%clk 01:31:25]} {[%emt 00:00:03]} e6 {[%emt 00:00:04]} 3.
d4 {[%clk 01:31:51]} {[%emt 00:00:03]} cxd4 {[%clk 01:31:44]} {[%emt 00:00:04]}
4. Nxd4 {[%clk 01:32:16]} {[%emt 00:00:04]} Nc6 {[%clk 01:32:08]} {[%emt
00:00:05]} 5. Nc3 {[%clk 01:32:42]} {[%emt 00:00:05]} Qc7 {[%clk 01:32:34]}
{[%emt 00:00:04]} 6. Be3 {[%clk 01:33:06]} {[%emt 00:00:04]} a6 {[%clk
01:32:16]} {[%emt 00:00:49]} 7. Be2 {[%clk 01:33:30]} {[%emt 00:00:07]} Nf6
{[%clk 01:32:38]} {[%emt 00:00:07]} 8. O-O {[%clk 01:33:55]} {[%emt 00:00:05]}
Be7 {[%clk 01:32:53]} {[%emt 00:00:15]} 9. f4 {[%clk 01:31:36]} {[%emt
00:02:49]} d6 {[%clk 01:33:18]} {[%emt 00:00:05]} 10. Rf3 {[%clk 01:19:28]}
{[%emt 00:12:38]} Nxd4 {[%clk 01:26:27]} {[%emt 00:07:21]} 11. Bxd4 {[%clk
01:19:42]} {[%emt 00:00:15]} e5 {[%clk 01:26:52]} {[%emt 00:00:06]} 12. Be3
{[%clk 01:18:03]} {[%emt 00:02:06]} O-O {[%clk 01:19:26]} {[%emt 00:07:59]} 13.
Rc1 {[%clk 01:14:12]} {[%emt 00:04:20]} b5 {[%clk 01:18:08]} {[%emt 00:01:48]}
14. Nd5 {[%clk 01:11:40]} {[%emt 00:03:01]} Nxd5 {[%clk 01:18:21]} {[%emt
00:00:19]} 15. exd5 {[%clk 01:12:03]} {[%emt 00:00:06]} exf4 {[%clk 01:17:19]}
{[%emt 00:01:33]} 16. Bxf4 {[%clk 01:12:14]} {[%emt 00:00:19]} Bf6 {[%clk
01:17:05]} {[%emt 00:00:44]} 17. c3 {[%clk 01:10:58]} {[%emt 00:01:46]} Re8
{[%clk 01:16:15]} {[%emt 00:01:20]} 18. Qd2 {[%clk 01:00:23]} {[%emt 00:11:04]}
Bg4 {[%clk 01:10:42]} {[%emt 00:06:03]} 19. Re3 {[%clk 00:46:16]} {[%emt
00:14:38]} Bxe2 {[%clk 01:02:54]} {[%emt 00:08:18]} 20. Re1 {[%clk 00:42:58]}
{[%emt 00:03:48]} Qc5 {[%clk 00:54:05]} {[%emt 00:09:19]} 21. R1xe2 {[%clk
00:41:32]} {[%emt 00:01:56]} h6 {[%clk 00:50:15]} {[%emt 00:04:20]} 22. Bxd6
{[%clk 00:40:21]} {[%emt 00:01:41]} Qb6 {[%clk 00:49:29]} {[%emt 00:01:15]} 23.
Bc7 {[%clk 00:39:18]} {[%emt 00:01:34]} 1/2-1/2

[Event "DVM U16 2021"]
[Site "Kiel GER"]
[Date "2022.07.24"]
[Round "4"]
[White "Wehrle, Maximilian"]
[Black "Morgenthaler, Nick"]
[Result "1/2-1/2"]
[Termination "normal"]
[Board "7.2"]
[WhiteElo "1739"]
[BlackElo "1149"]
[WhiteClock "00:49:16"]
[BlackClock "00:52:37"]
[WhiteTeam "SC Brombach e.V."]
[BlackTeam "SK Frankenthal"]
[PlyCount "61"]
[WhiteFideId "65600347"]
[BlackFideId "16286138"]
[EventCountry "GER"]
[EventRounds "7"]
[EventType "team-swiss"]
[EventDate "2022.07.22"]

1. d4 {[%clk 01:30:55]} {[%emt 00:00:04]} d5 {[%clk 01:30:36]} {[%emt
00:00:24]} 2. c4 {[%clk 01:31:16]} {[%emt 00:00:12]} e6 {[%clk 01:30:47]}
{[%emt 00:00:17]} 3. Nf3 {[%clk 01:31:38]} {[%emt 00:00:06]} Nf6 {[%clk
01:30:38]} {[%emt 00:00:41]} 4. g3 {[%clk 01:31:58]} {[%emt 00:00:09]} dxc4
{[%clk 01:30:40]} {[%emt 00:00:28]} 5. Qa4+ {[%clk 01:32:16]} {[%emt 00:00:12]}
Nbd7 {[%clk 01:29:08]} {[%emt 00:02:02]} 6. Bg2 {[%clk 01:32:37]} {[%emt
00:00:09]} Nd5 {[%clk 01:25:23]} {[%emt 00:04:15]} 7. Qxc4 {[%clk 01:26:05]}
{[%emt 00:07:02]} c5 {[%clk 01:22:24]} {[%emt 00:03:29]} 8. O-O {[%emt
00:03:18]} N7b6 {[%clk 01:21:55]} {[%emt 00:00:57]} 9. Qb3 {[%clk 01:20:07]}
{[%emt 00:03:40]} Bd7 {[%clk 01:21:25]} {[%emt 00:01:03]} 10. Nc3 {[%clk
01:18:22]} {[%emt 00:02:14]} cxd4 {[%clk 01:14:24]} {[%emt 00:07:32]} 11. Nxd5
{[%clk 01:16:15]} {[%emt 00:02:36]} Ba4 {[%clk 01:12:10]} {[%emt 00:02:43]} 12.
Qd3 {[%clk 01:16:29]} {[%emt 00:00:15]} Nxd5 {[%clk 01:11:03]} {[%emt
00:01:38]} 13. Qxd4 {[%clk 01:16:13]} {[%emt 00:00:47]} Bc6 {[%clk 01:10:02]}
{[%emt 00:01:31]} 14. Ne5 {[%clk 01:14:08]} {[%emt 00:02:35]} Qb6 {[%clk
01:04:22]} {[%emt 00:06:11]} 15. Qxb6 {[%clk 01:08:06]} {[%emt 00:06:32]} axb6
{[%clk 01:04:06]} {[%emt 00:00:45]} 16. Nxc6 {[%clk 01:03:21]} {[%emt
00:05:15]} bxc6 {[%clk 01:04:30]} {[%emt 00:00:06]} 17. Be3 {[%clk 01:02:51]}
{[%emt 00:01:00]} c5 {[%clk 01:02:24]} {[%emt 00:02:36]} 18. Bd2 {[%clk
01:02:54]} {[%emt 00:00:26]} Ra7 {[%clk 01:01:31]} {[%emt 00:01:24]} 19. a3
{[%clk 01:02:00]} {[%emt 00:01:25]} Be7 {[%clk 01:00:44]} {[%emt 00:01:16]} 20.
e4 {[%clk 01:00:34]} {[%emt 00:01:56]} Nc7 {[%clk 01:00:18]} {[%emt 00:00:56]}
21. Bc3 {[%clk 00:55:15]} {[%emt 00:05:48]} O-O {[%clk 00:58:39]} {[%emt
00:02:10]} 22. Rfd1 {[%clk 00:53:30]} {[%emt 00:02:15]} Nb5 {[%clk 00:58:45]}
{[%emt 00:00:24]} 23. Be5 {[%clk 00:50:33]} f6 {[%clk 00:55:56]} {[%emt
00:06:46]} 24. Bf1 {[%clk 00:50:42]} Nd4 {[%clk 00:52:01]} {[%emt 00:04:46]}
25. Bxd4 {[%clk 00:50:43]} {[%emt 00:00:29]} cxd4 {[%clk 00:52:20]} {[%emt
00:00:11]} 26. Rxd4 {[%clk 00:51:02]} {[%emt 00:00:11]} Bc5 {[%clk 00:52:46]}
{[%emt 00:00:04]} 27. Rd2 {[%clk 00:50:24]} {[%emt 00:01:08]} e5 {[%clk
00:52:54]} 28. Bc4+ {[%clk 00:50:44]} {[%emt 00:00:31]} Kh8 {[%clk 00:53:16]}
29. Rc2 {[%clk 00:48:58]} {[%emt 00:02:25]} Rd8 {[%clk 00:52:48]} 30. Bd5
{[%clk 00:49:16]} {[%emt 00:01:11]} g6 {[%clk 00:52:37]} 31. Kg2 {[%emt
00:02:36]} 1/2-1/2

[Event "DVM U16 2021"]
[Site "Kiel GER"]
[Date "2022.07.24"]
[Round "4"]
[White "Huang, Luca Hanson"]
[Black "Weiß, David"]
[Result "0-1"]
[Termination "normal"]
[Board "7.3"]
[WhiteElo "1488"]
[BlackElo "1759"]
[WhiteClock "00:55:45"]
[BlackClock "00:38:08"]
[WhiteTeam "SK Frankenthal"]
[BlackTeam "SC Brombach e.V."]
[PlyCount "58"]
[WhiteFideId "16279182"]
[BlackFideId "34628428"]
[EventCountry "GER"]
[EventRounds "7"]
[EventType "team-swiss"]
[EventDate "2022.07.22"]

1. e4 {[%clk 01:30:56]} {[%emt 00:00:02]} c5 {[%clk 01:30:50]} {[%emt
00:00:10]} 2. Nf3 {[%clk 01:31:20]} {[%emt 00:00:06]} Nc6 {[%clk 01:31:16]}
{[%emt 00:00:05]} 3. d4 {[%clk 01:31:40]} {[%emt 00:00:09]} cxd4 {[%clk
01:31:40]} {[%emt 00:00:06]} 4. Nxd4 {[%clk 01:32:03]} {[%emt 00:00:06]} Nf6
{[%clk 01:32:04]} {[%emt 00:00:07]} 5. Nc3 {[%clk 01:32:19]} {[%emt 00:00:14]}
e5 {[%clk 01:32:26]} {[%emt 00:00:08]} 6. Nb3 {[%clk 01:32:25]} {[%emt
00:00:23]} Bb4 {[%clk 01:32:48]} {[%emt 00:00:07]} 7. Bd3 {[%clk 01:29:47]}
{[%emt 00:03:08]} d5 {[%clk 01:33:07]} {[%emt 00:00:12]} 8. exd5 {[%clk
01:27:36]} {[%emt 00:02:41]} Nxd5 {[%clk 01:33:14]} {[%emt 00:00:23]} 9. Bd2
{[%clk 01:26:35]} {[%emt 00:01:31]} Nxc3 {[%clk 01:32:53]} {[%emt 00:00:51]}
10. Bxc3 {[%clk 01:25:25]} {[%emt 00:01:39]} Bxc3+ {[%clk 01:33:16]} {[%emt
00:00:07]} 11. bxc3 {[%clk 01:25:42]} {[%emt 00:00:13]} O-O {[%clk 01:30:59]}
{[%emt 00:02:48]} 12. O-O {[%clk 01:24:50]} {[%emt 00:01:22]} Qc7 {[%clk
01:28:03]} {[%emt 00:03:26]} 13. Re1 {[%clk 01:23:58]} {[%emt 00:01:21]} Ne7
{[%clk 01:22:19]} {[%emt 00:06:15]} 14. Qe2 {[%clk 01:17:49]} {[%emt 00:06:39]}
f6 {[%clk 01:16:49]} {[%emt 00:05:59]} 15. c4 {[%clk 01:15:22]} {[%emt
00:02:57]} Ng6 {[%clk 01:11:59]} {[%emt 00:05:20]} 16. Bxg6 {[%clk 01:13:17]}
{[%emt 00:02:36]} hxg6 {[%clk 01:12:20]} {[%emt 00:00:09]} 17. h3 {[%clk
01:11:43]} {[%emt 00:02:03]} Be6 {[%clk 01:07:26]} {[%emt 00:05:24]} 18. c5
{[%clk 01:11:04]} {[%emt 00:01:09]} Bxb3 {[%clk 01:00:22]} {[%emt 00:07:34]}
19. cxb3 {[%clk 01:11:21]} {[%emt 00:00:14]} Qxc5 {[%clk 01:00:15]} {[%emt
00:00:36]} 20. Qe4 {[%clk 01:11:16]} {[%emt 00:00:35]} Rfd8 {[%clk 00:55:27]}
{[%emt 00:05:19]} 21. Qxg6 {[%clk 01:09:11]} {[%emt 00:02:35]} Rd2 {[%clk
00:55:15]} {[%emt 00:00:41]} 22. Qf5 {[%clk 01:08:10]} {[%emt 00:01:31]} Rad8
{[%clk 00:53:26]} {[%emt 00:02:18]} 23. Rec1 {[%clk 01:03:56]} {[%emt
00:04:45]} Qd4 {[%clk 00:52:15]} {[%emt 00:01:41]} 24. a3 {[%clk 00:58:31]}
{[%emt 00:05:55]} e4 {[%clk 00:43:30]} {[%emt 00:09:15]} 25. Rab1 {[%clk
00:57:57]} {[%emt 00:01:05]} Qe5 {[%clk 00:38:17]} {[%emt 00:05:42]} 26. Qxe5
{[%clk 00:56:05]} {[%emt 00:02:22]} fxe5 {[%clk 00:38:39]} {[%emt 00:00:08]}
27. Rc7 {[%clk 00:55:58]} {[%emt 00:00:38]} Ra2 {[%clk 00:38:23]} {[%emt
00:00:45]} 28. Rxb7 {[%clk 00:55:39]} {[%emt 00:00:50]} Rdd2 {[%clk 00:38:42]}
{[%emt 00:00:10]} 29. Rf1 {[%clk 00:55:45]} {[%emt 00:00:25]} e3 {[%clk
00:38:08]} {[%emt 00:01:04]} 0-1

[Event "DVM U16 2021"]
[Site "Kiel GER"]
[Date "2022.07.24"]
[Round "4"]
[White "Wehrle, Valentin"]
[Black "Kern, Alexander"]
[Result "1/2-1/2"]
[Termination "normal"]
[Board "7.4"]
[WhiteElo "1440"]
[BlackElo "1418"]
[WhiteClock "01:04:51"]
[BlackClock "00:20:13"]
[WhiteTeam "SC Brombach e.V."]
[BlackTeam "SK Frankenthal"]
[PlyCount "62"]
[WhiteFideId "65600355"]
[BlackFideId "16251334"]
[EventCountry "GER"]
[EventRounds "7"]
[EventType "team-swiss"]
[EventDate "2022.07.22"]

1. d4 {[%clk 01:30:55]} {[%emt 00:00:04]} Nf6 {[%clk 01:30:52]} {[%emt
00:00:07]} 2. c4 {[%clk 01:31:14]} {[%emt 00:00:11]} e6 {[%clk 01:31:17]}
{[%emt 00:00:07]} 3. g3 {[%clk 01:31:25]} {[%emt 00:00:17]} d5 {[%clk
01:31:06]} {[%emt 00:00:41]} 4. Bg2 {[%clk 01:31:20]} {[%emt 00:00:35]} Be7
{[%clk 01:30:45]} {[%emt 00:00:50]} 5. Nf3 {[%clk 01:31:16]} {[%emt 00:00:35]}
O-O {[%clk 01:30:25]} {[%emt 00:00:50]} 6. O-O {[%clk 01:31:25]} {[%emt
00:00:21]} b6 {[%clk 01:28:26]} {[%emt 00:02:29]} 7. Nc3 {[%clk 01:30:52]}
{[%emt 00:01:03]} Bb7 {[%clk 01:28:23]} {[%emt 00:00:32]} 8. Ne5 {[%clk
01:28:41]} {[%emt 00:02:42]} c5 {[%clk 01:26:01]} {[%emt 00:02:52]} 9. Be3
{[%clk 01:26:53]} {[%emt 00:02:17]} cxd4 {[%clk 01:22:40]} {[%emt 00:03:51]}
10. Qxd4 {[%clk 01:27:00]} {[%emt 00:00:24]} Bc5 {[%clk 01:21:56]} {[%emt
00:01:13]} 11. Qd2 {[%clk 01:27:17]} {[%emt 00:00:15]} Bxe3 {[%clk 01:16:02]}
{[%emt 00:06:24]} 12. fxe3 {[%clk 01:26:57]} {[%emt 00:00:49]} Qc7 {[%clk
01:13:37]} {[%emt 00:02:54]} 13. Qd4 {[%clk 01:25:36]} {[%emt 00:01:52]} dxc4
{[%clk 01:09:32]} {[%emt 00:04:35]} 14. Qxc4 {[%clk 01:24:11]} {[%emt
00:01:55]} Qxc4 {[%clk 01:08:06]} {[%emt 00:01:56]} 15. Nxc4 {[%clk 01:24:31]}
{[%emt 00:00:11]} Bxg2 {[%clk 01:07:35]} {[%emt 00:01:00]} 16. Kxg2 {[%clk
01:24:53]} {[%emt 00:00:08]} Rd8 {[%clk 01:06:11]} {[%emt 00:01:53]} 17. Rfd1
{[%clk 01:24:41]} {[%emt 00:00:44]} Na6 {[%clk 01:06:21]} {[%emt 00:00:19]} 18.
Nb5 {[%clk 01:24:13]} {[%emt 00:00:58]} Nc5 {[%clk 01:01:05]} {[%emt 00:05:45]}
19. Rxd8+ {[%clk 01:21:09]} {[%emt 00:03:35]} Rxd8 {[%clk 01:01:25]} {[%emt
00:00:10]} 20. Nxa7 {[%clk 01:21:19]} {[%emt 00:00:21]} Ra8 {[%clk 00:54:29]}
{[%emt 00:07:25]} 21. Nc6 {[%clk 01:20:28]} {[%emt 00:01:21]} Nd5 {[%clk
00:54:09]} {[%emt 00:00:49]} 22. Kf3 {[%clk 01:15:02]} {[%emt 00:05:57]} Ra4
{[%clk 00:49:37]} {[%emt 00:05:02]} 23. Nd2 {[%clk 01:13:16]} {[%emt 00:02:15]}
h5 {[%clk 00:45:04]} {[%emt 00:05:03]} 24. Ne5 {[%clk 01:12:03]} {[%emt
00:01:44]} Rb4 {[%clk 00:36:31]} {[%emt 00:09:02]} 25. b3 {[%clk 01:11:20]}
{[%emt 00:01:15]} Rb5 {[%clk 00:30:54]} {[%emt 00:06:06]} 26. Nd3 {[%clk
01:10:32]} {[%emt 00:01:15]} Nd7 {[%clk 00:30:08]} {[%emt 00:01:19]} 27. a4
{[%clk 01:08:31]} {[%emt 00:02:32]} Ra5 {[%clk 00:28:08]} {[%emt 00:02:29]} 28.
Rc1 {[%clk 01:07:50]} {[%emt 00:01:11]} N5f6 {[%clk 00:26:20]} {[%emt
00:02:17]} 29. e4 {[%clk 01:07:33]} {[%emt 00:00:48]} b5 {[%clk 00:23:18]}
{[%emt 00:03:31]} 30. axb5 {[%clk 01:04:50]} {[%emt 00:03:15]} Rxb5 {[%clk
00:23:24]} {[%emt 00:00:24]} 31. h3 {[%clk 01:04:51]} {[%emt 00:00:28]} g5
{[%clk 00:20:13]} {[%emt 00:03:41]} 1/2-1/2

[Event "DVM U16 2021"]
[Site "Kiel GER"]
[Date "2022.07.24"]
[Round "4"]
[White "Lutz, Ruben"]
[Black "Cilo, Selimhan"]
[Result "1-0"]
[Termination "normal"]
[Board "8.1"]
[WhiteElo "2109"]
[BlackElo "1500"]
[WhiteClock "00:02:11"]
[BlackClock "00:01:30"]
[WhiteTeam "USV TU Dresden"]
[BlackTeam "SF 1876 Göppingen"]
[PlyCount "87"]
[WhiteFideId "12975974"]
[BlackFideId "16246756"]
[EventCountry "GER"]
[EventRounds "7"]
[EventType "team-swiss"]
[EventDate "2022.07.22"]

1. d4 {[%clk 01:30:58]} {[%emt 00:00:02]} d5 {[%clk 01:30:56]} {[%emt
00:00:05]} 2. c4 {[%clk 01:31:22]} {[%emt 00:00:06]} c6 {[%clk 01:31:22]}
{[%emt 00:00:05]} 3. Nf3 {[%clk 01:31:45]} {[%emt 00:00:05]} Nf6 {[%clk
01:31:45]} {[%emt 00:00:07]} 4. Nc3 {[%clk 01:32:07]} {[%emt 00:00:09]} e6
{[%clk 01:32:04]} {[%emt 00:00:11]} 5. Bg5 {[%clk 01:32:28]} {[%emt 00:00:08]}
dxc4 {[%clk 01:32:11]} {[%emt 00:00:24]} 6. e4 {[%clk 01:32:44]} {[%emt
00:00:13]} b5 {[%clk 01:32:33]} {[%emt 00:00:09]} 7. e5 {[%clk 01:33:05]}
{[%emt 00:00:09]} h6 {[%clk 01:32:56]} {[%emt 00:00:07]} 8. Bh4 {[%clk
01:33:29]} {[%emt 00:00:05]} g5 {[%clk 01:33:19]} {[%emt 00:00:07]} 9. Nxg5
{[%clk 01:33:51]} {[%emt 00:00:08]} hxg5 {[%clk 01:33:43]} {[%emt 00:00:06]}
10. Bxg5 {[%clk 01:34:17]} {[%emt 00:00:04]} Be7 {[%clk 01:34:06]} {[%emt
00:00:07]} 11. exf6 {[%clk 01:34:41]} {[%emt 00:00:06]} Bxf6 {[%clk 01:34:30]}
{[%emt 00:00:06]} 12. Bxf6 {[%clk 01:35:05]} {[%emt 00:00:07]} Qxf6 {[%clk
01:34:54]} {[%emt 00:00:06]} 13. a4 {[%clk 01:35:27]} {[%emt 00:00:08]} Qe7
{[%clk 01:27:22]} {[%emt 00:08:01]} 14. axb5 {[%clk 01:15:14]} {[%emt
00:20:44]} cxb5 {[%clk 01:27:28]} {[%emt 00:00:23]} 15. Nxb5 {[%clk 01:15:18]}
{[%emt 00:00:26]} Qb4+ {[%clk 01:27:00]} {[%emt 00:00:58]} 16. Nc3 {[%clk
01:15:43]} {[%emt 00:00:06]} Qxb2 {[%clk 01:26:50]} {[%emt 00:00:40]} 17. Qc1
{[%clk 01:15:51]} {[%emt 00:00:21]} Qxc1+ {[%clk 01:10:49]} {[%emt 00:16:31]}
18. Rxc1 {[%clk 01:16:18]} {[%emt 00:00:03]} Ba6 {[%clk 01:07:07]} {[%emt
00:04:13]} 19. Ne4 {[%clk 01:14:39]} {[%emt 00:02:09]} Ke7 {[%clk 01:06:49]}
{[%emt 00:00:48]} 20. Nc5 {[%clk 01:04:09]} {[%emt 00:10:59]} Rc8 {[%clk
01:02:08]} {[%emt 00:05:11]} 21. Nxa6 {[%clk 00:56:19]} {[%emt 00:08:20]} Nxa6
{[%clk 01:01:54]} {[%emt 00:00:44]} 22. Bxc4 {[%clk 00:56:38]} {[%emt
00:00:12]} Nb4 {[%clk 01:02:12]} {[%emt 00:00:11]} 23. Kd2 {[%clk 00:37:47]}
{[%emt 00:19:20]} a5 {[%clk 00:54:12]} {[%emt 00:08:31]} 24. Rc3 {[%clk
00:23:48]} {[%emt 00:14:28]} Rd8 {[%clk 00:36:43]} {[%emt 00:17:59]} 25. Ke3
{[%clk 00:22:06]} {[%emt 00:02:13]} Rac8 {[%clk 00:36:40]} {[%emt 00:00:33]}
26. Rhc1 {[%clk 00:21:23]} {[%emt 00:01:13]} a4 {[%clk 00:19:26]} {[%emt
00:17:44]} 27. Ra3 {[%clk 00:09:17]} {[%emt 00:12:36]} Nd5+ {[%clk 00:18:23]}
{[%emt 00:01:33]} 28. Kd3 {[%clk 00:09:11]} {[%emt 00:00:35]} Nf4+ {[%clk
00:15:17]} {[%emt 00:03:37]} 29. Ke4 {[%clk 00:04:06]} {[%emt 00:05:34]} f5+
{[%clk 00:04:16]} {[%emt 00:11:32]} 30. Kxf4 {[%clk 00:04:32]} {[%emt
00:00:04]} Rxd4+ {[%clk 00:04:39]} {[%emt 00:00:07]} 31. Ke3 {[%clk 00:04:19]}
{[%emt 00:00:43]} Rcxc4 {[%clk 00:05:03]} {[%emt 00:00:06]} 32. Rac3 {[%clk
00:02:23]} {[%emt 00:02:26]} Re4+ {[%clk 00:04:19]} {[%emt 00:01:14]} 33. Kf3
{[%clk 00:02:02]} {[%emt 00:00:51]} Rf4+ {[%clk 00:03:15]} {[%emt 00:01:34]}
34. Ke2 {[%clk 00:02:16]} {[%emt 00:00:16]} Rxc3 {[%clk 00:02:23]} {[%emt
00:01:21]} 35. Rxc3 {[%clk 00:02:42]} {[%emt 00:00:04]} Kd6 {[%clk 00:02:37]}
{[%emt 00:00:17]} 36. g3 {[%clk 00:01:43]} {[%emt 00:01:29]} Rd4 {[%clk
00:02:11]} {[%emt 00:00:56]} 37. h4 {[%clk 00:01:12]} {[%emt 00:01:01]} Rd5
{[%clk 00:01:06]} {[%emt 00:01:35]} 38. Rd3 {[%clk 00:00:34]} {[%emt 00:01:07]}
Kc5 {[%clk 00:00:38]} {[%emt 00:00:59]} 39. h5 {[%clk 00:00:36]} {[%emt
00:00:28]} Kc4 {[%clk 00:00:36]} {[%emt 00:00:32]} 40. Rxd5 {[%clk 00:00:39]}
{[%emt 00:00:27]} exd5 {[%clk 00:01:01]} {[%emt 00:00:04]} 41. h6 {[%clk
00:01:06]} {[%emt 00:00:04]} a3 {[%clk 00:00:44]} {[%emt 00:00:48]} 42. h7
{[%clk 00:01:25]} {[%emt 00:00:10]} a2 {[%clk 00:01:07]} {[%emt 00:00:07]} 43.
h8=Q {[%clk 00:01:48]} {[%emt 00:00:07]} d4 {[%clk 00:01:30]} {[%emt 00:00:06]}
44. Qg8+ {[%clk 00:02:11]} {[%emt 00:00:07]} 1-0

[Event "DVM U16 2021"]
[Site "Kiel GER"]
[Date "2022.07.24"]
[Round "4"]
[White "Kittel, Lennart"]
[Black "Kovalchuk, Alexander"]
[Result "1-0"]
[Termination "normal"]
[Board "8.2"]
[WhiteElo "1557"]
[BlackElo "1411"]
[WhiteClock "00:17:09"]
[BlackClock "00:31:46"]
[WhiteTeam "SF 1876 Göppingen"]
[BlackTeam "USV TU Dresden"]
[PlyCount "87"]
[WhiteFideId "16254171"]
[BlackFideId "16247809"]
[EventCountry "GER"]
[EventRounds "7"]
[EventType "team-swiss"]
[EventDate "2022.07.22"]

1. d4 {[%clk 01:30:57]} {[%emt 00:00:04]} Nf6 {[%clk 01:30:46]} {[%emt
00:00:14]} 2. c4 {[%clk 01:31:18]} {[%emt 00:00:09]} e6 {[%clk 01:31:01]}
{[%emt 00:00:15]} 3. Nf3 {[%clk 01:31:38]} {[%emt 00:00:11]} b6 {[%clk
01:31:09]} {[%emt 00:00:21]} 4. Nc3 {[%clk 01:31:13]} {[%emt 00:00:55]} Bb4
{[%clk 01:31:12]} {[%emt 00:00:26]} 5. Bg5 {[%clk 01:27:07]} {[%emt 00:04:37]}
Bb7 {[%clk 01:28:04]} {[%emt 00:03:38]} 6. e3 {[%clk 01:22:02]} {[%emt
00:05:35]} h6 {[%clk 01:25:57]} {[%emt 00:02:37]} 7. Bxf6 {[%clk 01:21:29]}
{[%emt 00:01:03]} Qxf6 {[%clk 01:25:42]} {[%emt 00:00:45]} 8. Be2 {[%clk
01:20:58]} {[%emt 00:01:01]} O-O {[%clk 01:22:45]} {[%emt 00:03:27]} 9. Qc2
{[%clk 01:17:06]} {[%emt 00:04:21]} d5 {[%clk 01:21:20]} {[%emt 00:01:56]} 10.
cxd5 {[%clk 01:16:35]} {[%emt 00:01:01]} exd5 {[%clk 01:20:16]} {[%emt
00:01:33]} 11. O-O {[%clk 01:14:47]} {[%emt 00:02:19]} Rd8 {[%clk 01:11:02]}
{[%emt 00:09:43]} 12. Rac1 {[%clk 01:06:44]} {[%emt 00:08:33]} c5 {[%clk
01:07:04]} {[%emt 00:04:29]} 13. a3 {[%clk 00:57:31]} {[%emt 00:09:43]} Bxc3
{[%clk 01:00:33]} {[%emt 00:07:00]} 14. Qxc3 {[%clk 00:57:16]} {[%emt
00:00:46]} c4 {[%clk 00:54:48]} {[%emt 00:06:15]} 15. Ne5 {[%clk 00:52:23]}
{[%emt 00:05:23]} Nc6 {[%clk 00:50:52]} {[%emt 00:04:25]} 16. f4 {[%clk
00:50:04]} {[%emt 00:02:49]} Na5 {[%clk 00:48:45]} {[%emt 00:02:36]} 17. Bh5
{[%clk 00:46:57]} {[%emt 00:03:37]} g6 {[%clk 00:45:14]} {[%emt 00:04:02]} 18.
Bd1 {[%clk 00:42:44]} {[%emt 00:04:43]} Nc6 {[%clk 00:40:44]} {[%emt 00:05:01]}
19. Rf3 {[%clk 00:36:55]} {[%emt 00:06:19]} Ne7 {[%clk 00:36:48]} {[%emt
00:04:24]} 20. Bc2 {[%clk 00:34:38]} {[%emt 00:02:48]} Bc6 {[%clk 00:34:22]}
{[%emt 00:02:56]} 21. f5 {[%clk 00:31:11]} {[%emt 00:03:57]} gxf5 {[%clk
00:22:13]} {[%emt 00:12:39]} 22. Rcf1 {[%clk 00:25:01]} {[%emt 00:06:40]} Bd7
{[%clk 00:19:54]} {[%emt 00:02:49]} 23. Nxd7 {[%clk 00:24:12]} {[%emt
00:01:19]} Rxd7 {[%clk 00:19:52]} {[%emt 00:00:31]} 24. Bxf5 {[%clk 00:23:28]}
{[%emt 00:01:15]} Nxf5 {[%clk 00:20:03]} {[%emt 00:00:19]} 25. Rxf5 {[%clk
00:23:40]} {[%emt 00:00:19]} Qh4 {[%clk 00:16:54]} {[%emt 00:03:38]} 26. R1f4
{[%clk 00:21:49]} {[%emt 00:02:21]} Qe7 {[%clk 00:16:03]} {[%emt 00:01:13]} 27.
Re5 {[%clk 00:14:40]} {[%emt 00:07:47]} Qf8 {[%clk 00:16:02]} {[%emt 00:00:30]}
28. Rg4+ {[%clk 00:11:07]} {[%emt 00:04:04]} Kh8 {[%clk 00:16:11]} {[%emt
00:00:21]} 29. Qe1 {[%clk 00:09:40]} {[%emt 00:01:57]} Re8 {[%clk 00:14:56]}
{[%emt 00:01:44]} 30. Rh5 {[%clk 00:06:06]} {[%emt 00:04:05]} Rd6 {[%clk
00:14:30]} {[%emt 00:00:56]} 31. Qg3 {[%clk 00:04:12]} {[%emt 00:02:24]} Ree6
{[%clk 00:13:09]} {[%emt 00:01:50]} 32. Qf4 {[%clk 00:03:08]} {[%emt 00:01:35]}
f5 {[%clk 00:08:11]} {[%emt 00:05:28]} 33. Rxf5 {[%clk 00:00:47]} {[%emt
00:02:52]} Rf6 {[%clk 00:08:30]} {[%emt 00:00:11]} 34. Qe5 {[%clk 00:00:59]}
{[%emt 00:00:18]} Kh7 {[%clk 00:04:44]} {[%emt 00:04:15]} 35. Rxf6 {[%clk
00:00:51]} {[%emt 00:00:38]} Rxf6 {[%clk 00:03:43]} {[%emt 00:01:31]} 36. Rf4
{[%clk 00:00:59]} {[%emt 00:00:23]} Rxf4 {[%clk 00:03:49]} {[%emt 00:00:23]}
37. exf4 {[%clk 00:00:59]} {[%emt 00:00:31]} Qf7 {[%clk 00:03:04]} {[%emt
00:01:14]} 38. g4 {[%clk 00:00:55]} {[%emt 00:00:35]} Qd7 {[%clk 00:02:46]}
{[%emt 00:00:47]} 39. f5 {[%clk 00:00:44]} {[%emt 00:00:41]} Qa4 {[%clk
00:02:20]} {[%emt 00:00:54]} 40. Qe7+ {[%clk 00:00:40]} {[%emt 00:00:36]} Kg8
{[%clk 00:01:51]} {[%emt 00:01:00]} 41. Qe6+ {[%clk 00:28:36]} {[%emt
00:02:34]} Kf8 {[%clk 00:31:34]} {[%emt 00:00:46]} 42. Qxh6+ {[%clk 00:28:27]}
{[%emt 00:00:39]} Ke8 {[%clk 00:31:46]} {[%emt 00:00:18]} 43. Qe6+ {[%clk
00:27:40]} {[%emt 00:01:17]} Kf8 {[%emt 00:11:03]} 44. Qe2 {[%clk 00:17:09]}
1-0